Combustion Engine Parts - Statistics

General Stats
  • This quiz has been taken 7 times
  • The average score is 14 of 32
Answer Stats
Picture Answer % Correct
Piston
100%
Spark Plug
100%
V-Belt
100%
Crankshaft
83%
Valve Spring
83%
Camshaft
67%
Turbocharger
67%
Air Filter
50%
Alternator
50%
Head Gasket
50%
Oil Cap
50%
AC Compressor
33%
Connecting Rod
33%
Engine Block
33%
Gearbox
33%
Head
33%
Ignition Coil
33%
Intake Manifold
33%
Oil Sump
33%
Supercharger
33%
Timing Belt
33%
Timing Chain
33%
Torque Converter
33%
Valve
33%
Water Pump
33%
Diesel Particulate Filter
17%
Flywheel
17%
Fuel Pump
17%
Lambda Probe
17%
Piston Ring
17%
Throttle Body
17%
Oil Drain Plug
0%
No matching quizzes found
Score Distribution
Percent of People with Each Score
Percentile by Number Answered
Your Score History
You have not taken this quiz